The Famous Five. (Record no. 2980)

MARC details
000 -LEADER
fixed length control field 00316nam a22001217a 4500
005 - DATE AND TIME OF LATEST TRANSACTION
control field 20200925133418.0
008 - FIXED-LENGTH DATA ELEMENTS--GENERAL INFORMATION
fixed length control field 200925b ||||| |||| 00| 0 eng d
020 ## - INTERNATIONAL STANDARD BOOK NUMBER
International Standard Book Number 9781444935059
040 ## - CATALOGING SOURCE
Transcribing agency CML
245 ## - TITLE STATEMENT
Title The Famous Five.
Statement of responsibility, etc. Blyton, G.
260 ## - PUBLICATION, DISTRIBUTION, ETC.
Place of publication, distribution, etc. London
Name of publisher, distributor, etc. Hodder Children's Books
Date of publication, distribution, etc. 1997
942 ## - ADDED ENTRY ELEMENTS (KOHA)
Source of classification or shelving scheme Dewey Decimal Classification
Koha item type Books
Call number prefix F
Call number suffix BLY
Holdings
Withdrawn status Lost status Source of classification or shelving scheme Damaged status Not for loan Home library Current library Date acquired Total Checkouts Full call number Date last seen Price effective from Koha item type
    Dewey Decimal Classification     Chalimbana Main Library Chalimbana Main Library 09/25/2020   F/BLY 09/25/2020 09/25/2020 Books

Powered by Koha